| 000 | 00531 a2200217 4500 | ||
|---|---|---|---|
| 005 | 20250228112703.0 | ||
| 008 | 250220b |||||||| |||| 00| 0 eng d | ||
| 020 |
_a9789355737755 _cRs. 1050.00 |
||
| 040 | _aMAIN | ||
| 082 |
_a658.15 _bL465E |
||
| 100 | _aLeach, J Chris | ||
| 245 | _aEntrepreneurial finance | ||
| 250 | _a7th | ||
| 260 |
_bCengage India _aDelhi _c2024 |
||
| 300 | _axvii, 696 | ||
| 650 | _aManagement | ||
| 650 | _aEntrepreneurial | ||
| 650 | _aFinance | ||
| 700 | _aMelicher, Ronald W | ||
| 942 | _cBK | ||
| 999 |
_c359951 _d359951 |
||